Statistics for Guess the lyrics (#77)

Click here to take the quiz!

General Stats

  • This quiz has been taken 75 times
  • The average score is 86 of 187

Answer Stats

Answer% Correct
a
97%
the
94%
you
93%
In
82%
in
82%
we
81%
We
81%
When
78%
when
78%
and
76%
can
75%
do
75%
go
75%
on
75%
be
74%
for
72%
it
72%
it,
72%
your
72%
is
68%
what
67%
love
64%
If
63%
if
63%
her
60%
Have
57%
have
57%
not
57%
up
57%
wear
54%
see
53%
us
53%
time
51%
all
49%
out
49%
We're
49%
we're
49%
it's
47%
our
47%
as
46%
got
43%
just
43%
with
43%
but
42%
down
40%
feel
40%
sun
40%
take
39%
or
36%
right
36%
goes
33%
we'll
32%
well
32%
drink,
31%
here
31%
make
29%
sky
29%
good
28%
mind
26%
always
25%
find
25%
women,
22%
women
22%
yeah
22%
Yeah
22%
into
21%
she's
21%
Sing
21%
sing
21%
summertime
21%
touch
21%
weather
21%
that's
19%
drive,
18%
happy
18%
high
18%
meal
18%
ton
18%
fine
17%
again,
15%
daddy's
15%
nice,
15%
please
15%
poor
15%
rich
15%
rich,
15%
sea
15%
weather's
14%
people,
13%
town
13%
along
10%
bottle,
10%
bring
10%
Bring
10%
everybody,
10%
It'll
10%
party
10%
clothes
8%
friends
8%
living,
8%
mean
8%
soon
8%
stretch
7%
swimming
7%
bright
6%
dirty,
6%
driving
6%
fishing
6%
lane,
6%
Life's
6%
philosophy
6%
Speed
6%
grey
4%
lay-by
4%
maybe
4%
settle
4%
twenty-five
4%
winter's
4%

Score Distribution

Percentile by Number Answered

Percent of People with Each Score

Your Score History

You have not taken this quiz